| 000 | 00714cam a2200217 4500 | ||
|---|---|---|---|
| 001 | WB3711-37 | ||
| 008 | 000000n2001 000 0 eng u | ||
| 035 | _a(Sirsi) u111445 | ||
| 245 | _aCountry sales hit by virus | ||
| 260 | _c2001 | ||
| 490 |
_aTimes _v 14 March 2001, 24(1) |
||
| 490 |
_aEstates Gazette _v(0111) 17 March 2001, 133(1) |
||
| 490 |
_aFinancial Times _vWeekend 17-18 March 2001, XXII(2) |
||
| 520 | _aThe foot and mouth outbreak is keeping buyers away from rural property and major estates and farms are being withdrawn from the market. | ||
| 590 | _aWB | ||
| 650 | _aRURAL PROPERTY | ||
| 650 | _aPROPERTY SALES | ||
| 650 | _aRURAL REGENERATION | ||
| 690 |
_aRural _96268 |
||
| 942 | _n0 | ||
| 999 |
_c66402 _d66402 |
||